[Event "16PCR_F"]
[Site "?"]
[Date "2006.??.??"]
[Round "?"]
[White "Nudcenko, Karel"]
[Black "Kudr, Roman"]
[Result "1-0"]
[WhiteElo "2245"]
[BlackElo "2177"]
[PlyCount "53"]
[EventDate "2006.??.??"]
[EventType "corr"]
[SourceDate "2007.01.09"]

1. e4 c6 2. Nf3 d5 3. Nc3 Bg4 4. h3 Bxf3 5. Qxf3 e6 6. d3 Nf6 7. Bd2 d4 8. Ne2
Qb6 9. O-O-O Bd6 10. g4 Nfd7 11. g5 Na6 12. h4 Rd8 13. h5 Ne5 14. Qg2 Nc5 15.
Kb1 Be7 16. g6 fxg6 17. f4 Na4 18. b3 Nd7 19. hxg6 h6 20. Qh3 Nf8 21. f5 Kd7
22. fxe6+ Nxe6 23. Qh5 Nac5 24. Bh3 Rde8 25. Nxd4 Bf6 26. Nxe6 Nxe6 27. Rhf1
1-0

[Event "16PCR_F"]
[Site "?"]
[Date "2006.??.??"]
[Round "?"]
[White "Stika, Vaclav"]
[Black "Slavik, Miroslav"]
[Result "1-0"]
[WhiteElo "2142"]
[BlackElo "2198"]
[PlyCount "69"]
[EventDate "2006.??.??"]
[EventType "corr"]
[SourceDate "2007.01.09"]

1. e4 c6 2. d4 d5 3. Nc3 dxe4 4. Nxe4 Nd7 5. Bc4 Ngf6 6. Ng5 e6 7. Qe2 Nb6 8.
Bd3 Qxd4 9. N1f3 Qd5 10. Ne5 Qxg2 11. Rf1 Rg8 12. Ngxf7 g5 13. Bd2 Rg7 14.
O-O-O Rxf7 15. Rg1 Qh3 16. Nxf7 Kxf7 17. Bxg5 Bg7 18. c4 Bd7 19. Rg3 Qh5 20.
Qe3 e5 21. Rdg1 Bh8 22. Qxe5 Re8 23. Qf4 Re6 24. h4 c5 25. Qb8 Ne8 26. Qxb7 h6
27. Rf3+ Nf6 28. Be3 Qe5 29. Qxa7 Bg7 30. a4 Qd6 31. a5 Na4 32. Bc2 Re7 33. Qa8
Bc6 34. Bg6+ Ke6 35. Qa6 1-0

[Event "16PCR_F"]
[Site "?"]
[Date "2006.??.??"]
[Round "?"]
[White "Brichacek, Milan"]
[Black "Sindelar, Frantisek"]
[Result "1/2-1/2"]
[WhiteElo "2194"]
[BlackElo "2094"]
[PlyCount "92"]
[EventDate "2006.??.??"]
[EventType "corr"]
[SourceDate "2007.01.09"]

1. e4 e6 2. d4 d5 3. Nc3 dxe4 4. Nxe4 Nd7 5. Bd3 Ngf6 6. Nxf6+ Nxf6 7. Nf3 c5
8. Be3 Qb6 9. O-O Bd7 10. dxc5 Bxc5 11. Bxc5 Qxc5 12. Re1 Bc6 13. Ne5 Qd5 14.
Nxc6 Qxc6 15. Qd2 O-O 16. Rad1 Rfd8 17. Qb4 a6 18. c4 Rac8 19. Be2 Qc7 20. Qa3
Rd7 21. Rxd7 Nxd7 22. Rd1 h6 23. Qe7 Ne5 24. Qxc7 Rxc7 25. f4 Nxc4 26. h4 e5
27. fxe5 Nxe5 28. Rd8+ Kh7 29. b3 Kg6 30. g4 Kf6 31. Kf2 Rd7 32. Rxd7 Nxd7 33.
Ke3 Ke5 34. b4 b6 35. Bf3 g6 36. Bb7 Nf6 37. g5 hxg5 38. hxg5 Nh7 39. Bxa6 Nxg5
40. a4 f5 41. Bb7 f4+ 42. Kd3 Kd6 43. Bd5 Nh7 44. Be4 Nf8 45. Ba8 Nd7 46. Ke4
Ne5 1/2-1/2

[Event "16PCR_F"]
[Site "?"]
[Date "2006.??.??"]
[Round "?"]
[White "Sindelar, Frantisek"]
[Black "Slavik, Miroslav"]
[Result "0-1"]
[WhiteElo "2094"]
[BlackElo "2198"]
[PlyCount "82"]
[EventDate "2006.??.??"]
[EventType "corr"]
[SourceDate "2007.01.09"]

1. d4 Nf6 2. c4 e6 3. g3 d5 4. Bg2 dxc4 5. Qa4+ Nbd7 6. Nf3 c6 7. Qxc4 Bd6 8.
O-O O-O 9. Rd1 Qe7 10. Nc3 e5 11. dxe5 Nxe5 12. Nxe5 Bxe5 13. Be3 Re8 14. Bc5
Qc7 15. Bd4 Be6 16. Bxe5 Qxe5 17. Qb4 Qc7 18. Rd2 a5 19. Qd6 Qxd6 20. Rxd6 Rad8
21. Rad1 Rxd6 22. Rxd6 Kf8 23. Rd2 Nd7 24. f4 Nc5 25. Kf2 f6 26. h3 a4 27. g4
Ke7 28. f5 Bf7 29. h4 a3 30. b3 Rd8 31. Rc2 Nxb3 32. axb3 Bxb3 33. Rc1 b5 34.
Rb1 a2 35. Ra1 Rd2 36. Ke3 Rc2 37. Nxa2 Bxa2 38. Bxc6 b4 39. Kd4 Kd6 40. Bf3
Bb3 41. e3 Rd2+ 0-1

[Event "16PCR_F"]
[Site "?"]
[Date "2006.??.??"]
[Round "?"]
[White "Slavik, Miroslav"]
[Black "Houdek, Vladimir"]
[Result "1/2-1/2"]
[WhiteElo "2198"]
[BlackElo "2147"]
[PlyCount "84"]
[EventDate "2006.??.??"]
[EventType "corr"]
[SourceDate "2007.01.09"]

1. c4 e5 2. Nc3 Nf6 3. Nf3 Nc6 4. d4 exd4 5. Nxd4 Bb4 6. Bg5 h6 7. Nxc6 bxc6 8.
Bh4 O-O 9. e3 Be7 10. Qc2 d6 11. Be2 Be6 12. O-O Rb8 13. b3 Nd7 14. Bxe7 Qxe7
15. Rad1 Rfe8 16. Qe4 c5 17. Bd3 Nf6 18. Qf4 a5 19. Rfe1 Bg4 20. f3 Be6 21. e4
Bd7 22. Bc2 Qe6 23. Qd2 a4 24. f4 axb3 25. axb3 Bc6 26. Nd5 Bxd5 27. cxd5 Qg4
28. e5 Nd7 29. Qd3 Nf8 30. Re4 Rb4 31. Rde1 Rxe4 32. Qxe4 Re7 33. g3 Qc8 34. b4
c6 35. dxc6 cxb4 36. Rb1 dxe5 37. Qxb4 Rc7 38. Be4 exf4 39. Qd6 fxg3 40. hxg3
Ne6 41. Rb7 Qe8 42. Qe5 Rxc6 1/2-1/2

[Event "16PCR_F"]
[Site "?"]
[Date "2006.??.??"]
[Round "?"]
[White "Slavik, Miroslav"]
[Black "Tyrlik, Jaroslav"]
[Result "1-0"]
[WhiteElo "2198"]
[BlackElo "2076"]
[PlyCount "55"]
[EventDate "2006.??.??"]
[EventType "corr"]
[SourceDate "2007.01.09"]

1. d4 d5 2. Nf3 Nf6 3. e3 e6 4. Nbd2 c5 5. dxc5 Bxc5 6. a3 O-O 7. b4 Bd6 8. c4
a5 9. b5 Nbd7 10. Bb2 Qe7 11. Be2 e5 12. cxd5 e4 13. Nh4 Ne5 14. O-O Bd7 15.
Qa4 Nfg4 16. g3 f5 17. Rac1 b6 18. Ng2 Rfc8 19. Nf4 Nf6 20. Rxc8+ Rxc8 21. Rd1
Qe8 22. Qb3 Nfg4 23. a4 Rb8 24. Bxg4 fxg4 25. Bxe5 Qxe5 26. Qc2 Bf5 27. Qc6 Bc5
28. Nc4 1-0

[Event "16PCR_F"]
[Site "?"]
[Date "2006.??.??"]
[Round "?"]
[White "Stika, Vaclav"]
[Black "Mateka, Petr"]
[Result "0-1"]
[WhiteElo "2142"]
[BlackElo "2229"]
[PlyCount "100"]
[EventDate "2006.??.??"]
[EventType "corr"]
[SourceDate "2007.01.09"]

1. e4 e5 2. Nf3 Nc6 3. Bb5 a6 4. Bxc6 dxc6 5. O-O f6 6. d4 Bg4 7. c3 Bd6 8. Be3
Qe7 9. Nbd2 O-O-O 10. dxe5 fxe5 11. b4 Nf6 12. a4 c5 13. b5 a5 14. h3 Be6 15.
Ng5 Bd7 16. b6 h6 17. bxc7 Bxc7 18. Ngf3 Bc6 19. Qc2 g5 20. Rfe1 Rhg8 21. Rab1
Qd7 22. Nh2 g4 23. h4 g3 24. fxg3 Rxg3 25. Bxh6 Qh3 26. Ndf1 Qxh4 27. Nxg3 Qxg3
28. Qf2 Qxf2+ 29. Kxf2 Nxe4+ 30. Rxe4 Bxe4 31. Re1 Bc6 32. Nf3 Bxa4 33. Nxe5
Bb3 34. Nf3 a4 35. Be3 b6 36. Nd2 Be5 37. Nb1 Rf8+ 38. Ke2 Rg8 39. g3 Rxg3 40.
Kd3 Bf4 41. Na3 Rxe3+ 42. Rxe3 Bxe3 43. Kxe3 Kb7 44. Kd3 Bf7 45. c4 Be8 46. Kc2
Kc7 47. Kb2 Kd6 48. Kc2 Ke5 49. Kd3 Kf4 50. Kc3 Ke3 0-1

[Event "16PCR_F"]
[Site "?"]
[Date "2006.??.??"]
[Round "?"]
[White "Nudcenko, Karel"]
[Black "Glaser, Karel"]
[Result "1-0"]
[WhiteElo "2245"]
[BlackElo "2059"]
[PlyCount "99"]
[EventDate "2006.??.??"]
[EventType "corr"]
[SourceDate "2007.01.09"]

1. e4 Nf6 2. e5 Nd5 3. d4 d6 4. Nf3 g6 5. Bc4 c6 6. O-O Bg7 7. exd6 Qxd6 8. Re1
Bg4 9. h3 Be6 10. Bb3 Na6 11. c4 Ndc7 12. Nc3 O-O-O 13. Be3 Kb8 14. Qe2 h6 15.
Rad1 Rhf8 16. d5 cxd5 17. cxd5 Bd7 18. Bd2 Nc5 19. Qxe7 Qxe7 20. Rxe7 Nxb3 21.
axb3 g5 22. Be3 Na6 23. Ne5 Bxe5 24. Rxe5 Rde8 25. f4 f6 26. Rxe8+ Rxe8 27. Kf2
Nc7 28. Bd4 Rf8 29. Ne4 Ne8 30. g4 gxf4 31. Nc5 Rf7 32. Nxd7+ Rxd7 33. Kf3 Kc7
34. Bc5 b6 35. Bb4 a5 36. Bc3 Rh7 37. Kxf4 h5 38. h4 hxg4 39. Kxg4 Kd6 40. Bd4
b5 41. Be3 Rg7+ 42. Kf3 Rh7 43. Bf2 Nc7 44. Bg3+ Kd7 45. Kg4 Rg7+ 46. Kf4 Rg8
47. Rd3 Ne8 48. Be1 b4 49. Bf2 Nd6 50. Rg3 1-0

[Event "16PCR_F"]
[Site "?"]
[Date "2006.??.??"]
[Round "?"]
[White "Sindelar, Frantisek"]
[Black "Tyrlik, Jaroslav"]
[Result "1/2-1/2"]
[WhiteElo "2094"]
[BlackElo "2076"]
[PlyCount "75"]
[EventDate "2006.??.??"]
[EventType "corr"]
[SourceDate "2007.01.09"]

1. d4 d5 2. c4 e6 3. e3 Nf6 4. Nf3 Be7 5. Nbd2 O-O 6. Bd3 c5 7. dxc5 Na6 8. c6
Nb4 9. Be2 Nxc6 10. O-O e5 11. cxd5 Qxd5 12. e4 Qc5 13. a3 Rd8 14. b4 Qb6 15.
Qc2 Nd4 16. Nxd4 Qxd4 17. Nf3 Qxe4 18. Qxe4 Nxe4 19. Nxe5 a5 20. f3 Nc3 21. Bc4
axb4 22. Nxf7 Rd4 23. Ne5+ Rxc4 24. Nxc4 b5 25. Re1 Nd5 26. Rxe7 Nxe7 27. Nd6
Bd7 28. Kf2 Nd5 29. Ke2 bxa3 30. Rxa3 Rxa3 31. Bxa3 Nf4+ 32. Kf1 g5 33. Ne4 Bf5
34. Nxg5 Nd3 35. Be7 b4 36. Ke2 Nf4+ 37. Kd2 b3 38. Ba3 1/2-1/2

[Event "16PCR_F"]
[Site "?"]
[Date "2006.??.??"]
[Round "?"]
[White "Tyrlik, Jaroslav"]
[Black "Nudcenko, Karel"]
[Result "0-1"]
[WhiteElo "2076"]
[BlackElo "2245"]
[PlyCount "102"]
[EventDate "2006.??.??"]
[EventType "corr"]
[SourceDate "2007.01.09"]

1. d4 d5 2. Bf4 Nf6 3. e3 c5 4. Nc3 cxd4 5. exd4 a6 6. Bd3 Nc6 7. Nge2 Bg4 8.
f3 Bd7 9. a3 e6 10. O-O Qb6 11. Na4 Qa7 12. Be3 b5 13. Nac3 Be7 14. Kh1 O-O 15.
Qe1 b4 16. Nd1 bxa3 17. bxa3 Rfc8 18. Qh4 Qb6 19. Nf2 Ne4 20. Qh3 Nxf2+ 21.
Bxf2 g6 22. f4 Bf6 23. f5 exf5 24. Qf3 Ne7 25. Rab1 Qa7 26. Bg3 Bb5 27. Bd6 Nc6
28. c3 Bxd3 29. Qxd3 Qd7 30. Bc5 Bg7 31. Nf4 Bh6 32. c4 Bxf4 33. Rxf4 Ne5 34.
dxe5 Rxc5 35. Rd1 Rac8 36. g3 d4 37. Rxd4 Qc6+ 38. Kg1 Rxc4 39. Rxc4 Qxc4 40.
Qxc4 Rxc4 41. Rd8+ Kg7 42. Ra8 Ra4 43. Ra7 Kf8 44. Kf2 Rxa3 45. h3 g5 46. Rd7
a5 47. h4 gxh4 48. gxh4 a4 49. h5 Ra1 50. Rd2 a3 51. Kf3 Ke7 0-1

[Event "16PCR_F"]
[Site "?"]
[Date "2006.??.??"]
[Round "?"]
[White "Houdek, Vladimir"]
[Black "Stika, Vaclav"]
[Result "1/2-1/2"]
[WhiteElo "2147"]
[BlackElo "2142"]
[PlyCount "88"]
[EventDate "2006.??.??"]
[EventType "corr"]
[SourceDate "2007.01.09"]

1. e4 e5 2. Nc3 Nf6 3. g3 Bc5 4. Bg2 O-O 5. Nge2 Nc6 6. O-O a6 7. d3 d6 8. h3
Be6 9. Nd5 Nb4 10. Nxb4 Bxb4 11. c3 Bc5 12. d4 Bb6 13. Bg5 h6 14. Be3 Re8 15.
Re1 Qc8 16. Kh2 Bd7 17. Qc2 Bc6 18. f3 h5 19. Rad1 a5 20. Bg5 Nh7 21. Bc1 Bb5
22. c4 Ba6 23. b3 Nf8 24. h4 Qe6 25. Bh3 Qe7 26. Bg5 f6 27. Be3 Rad8 28. Bg1
Qf7 29. d5 Bxg1+ 30. Kxg1 b6 31. Nc3 Bc8 32. Bf5 Bxf5 33. exf5 Nd7 34. Nb5 Nb8
35. a3 Na6 36. Kh2 Kh7 37. Nc3 Ra8 38. Rb1 g6 39. b4 gxf5 40. bxa5 bxa5 41.
Qxf5+ Qg6 42. Qxg6+ Kxg6 43. Na4 f5 44. Rb5 e4 1/2-1/2

[Event "16PCR_F"]
[Site "?"]
[Date "2006.??.??"]
[Round "?"]
[White "Portych, Vaclav"]
[Black "Stika, Vaclav"]
[Result "1-0"]
[WhiteElo "2112"]
[BlackElo "2142"]
[PlyCount "113"]
[EventDate "2006.??.??"]
[EventType "corr"]
[SourceDate "2007.01.09"]

1. c4 Nf6 2. Nc3 e5 3. Nf3 Nc6 4. g3 d5 5. cxd5 Nxd5 6. Bg2 Nb6 7. O-O Be7 8.
a3 O-O 9. b4 Be6 10. d3 Nd4 11. Bb2 Nxf3+ 12. Bxf3 c6 13. Ne4 Nd7 14. Qc2 f5
15. Nd2 a5 16. bxa5 Qxa5 17. Nc4 Qc7 18. a4 b6 19. e3 Rf6 20. Qc3 Bxc4 21.
Qxc4+ Kh8 22. Bg2 Rc8 23. Rfc1 Rg6 24. Qf7 Nc5 25. a5 Rf6 26. axb6 Rxf7 27.
bxc7 Nxd3 28. Bxc6 Nxb2 29. Bd5 Rff8 30. Be6 h6 31. Bxc8 Rxc8 32. Rab1 Ba3 33.
Rc3 Bd6 34. Rxb2 Rxc7 35. Rb8+ Kh7 36. Rxc7 Bxc7 37. Rf8 f4 38. gxf4 exf4 39.
e4 Bd6 40. Rf7 Kg8 41. Rf5 g5 42. Kg2 Kg7 43. h4 Kg6 44. hxg5 hxg5 45. f3 Kh5
46. Kh3 Bb4 47. Re5 Bc3 48. Rb5 Ba1 49. e5 Bc3 50. e6 Kg6 51. Rxg5+ Kf6 52.
Rf5+ Kxe6 53. Rxf4 Bd2 54. Rf8 Bh6 55. Rh8 Bg7 56. Rh5 Bd4 57. Kg4 1-0

[Event "16PCR_F"]
[Site "?"]
[Date "2006.??.??"]
[Round "?"]
[White "Trs, Jan"]
[Black "Houdek, Vladimir"]
[Result "1-0"]
[WhiteElo "2252"]
[BlackElo "2147"]
[PlyCount "63"]
[EventDate "2006.??.??"]
[EventType "corr"]
[SourceDate "2007.01.09"]

1. d4 d5 2. c4 dxc4 3. Nf3 Nf6 4. e3 e6 5. Bxc4 c5 6. O-O a6 7. Qe2 b5 8. Bb3
Bb7 9. Rd1 Nbd7 10. Nc3 Qb8 11. d5 c4 12. dxe6 fxe6 13. Bc2 Bd6 14. Ng5 Nc5 15.
f4 O-O 16. b4 Nd3 17. Bxd3 cxd3 18. Qb2 Bd5 19. Nxd5 exd5 20. Rxd3 Qa7 21. Bd2
Bxf4 22. Ne6 Ng4 23. Nxf4 Rxf4 24. h3 Nf6 25. Bc3 Ne4 26. Bxg7 Rf2 27. Qe5 Qf7
28. Qxd5 Qxd5 29. Rxd5 Kxg7 30. Re5 a5 31. Rxe4 Rb2 32. Rg4+ 1-0

[Event "16PCR_F"]
[Site "?"]
[Date "2006.??.??"]
[Round "?"]
[White "Nudcenko, Karel"]
[Black "Portych, Vaclav"]
[Result "1-0"]
[WhiteElo "2245"]
[BlackElo "2112"]
[PlyCount "69"]
[EventDate "2006.??.??"]
[EventType "corr"]
[SourceDate "2007.01.09"]

1. e4 c5 2. Nf3 Nc6 3. d4 cxd4 4. Nxd4 Nf6 5. Nc3 e5 6. Ndb5 d6 7. Bg5 a6 8.
Na3 b5 9. Bxf6 gxf6 10. Nd5 f5 11. Bd3 Be6 12. O-O Bg7 13. Qh5 f4 14. c4 b4 15.
Nc2 a5 16. g3 Rb8 17. b3 h6 18. Kh1 Qg5 19. Qd1 O-O 20. Rg1 Bxd5 21. exd5 Ne7
22. h4 Qf6 23. Qh5 Kh8 24. Be4 Rg8 25. Ne1 Rbc8 26. Nf3 Rc7 27. Rac1 Ng6 28. g4
Bf8 29. g5 Qg7 30. c5 Rxc5 31. Rxc5 dxc5 32. Qg4 Ne7 33. Qd7 h5 34. Qc7 Ng6 35.
d6 1-0

[Event "16PCR_F"]
[Site "?"]
[Date "2006.??.??"]
[Round "?"]
[White "Slavik, Miroslav"]
[Black "Struzka, Vlastimil"]
[Result "1/2-1/2"]
[WhiteElo "2198"]
[BlackElo "2094"]
[PlyCount "99"]
[EventDate "2006.??.??"]
[EventType "corr"]
[SourceDate "2007.01.09"]

1. e4 e5 2. Nf3 Nc6 3. Bc4 Bc5 4. O-O Nf6 5. d3 d6 6. c3 O-O 7. b4 Bb6 8. a4 a5
9. b5 Ne7 10. Bg5 Ng6 11. Nbd2 Bg4 12. h3 Be6 13. Bxe6 fxe6 14. d4 exd4 15.
cxd4 Qd7 16. Be3 d5 17. e5 Nh5 18. Ne1 Nhf4 19. g3 Nxh3+ 20. Kg2 Ng5 21. Bxg5
Bxd4 22. Rc1 Bb2 23. Rc2 Bxe5 24. Nd3 Bd6 25. Qg4 Qf7 26. f4 h6 27. Bh4 Rae8
28. Rcc1 Qf5 29. Qxf5 exf5 30. Rfe1 Kh8 31. Nb3 b6 32. Nd2 Kh7 33. Rcd1 Kg8 34.
Kf1 Kh7 35. Kf2 Kg8 36. Rxe8 Rxe8 37. Re1 Rxe1 38. Kxe1 Nf8 39. Nf3 Ne6 40. Kd2
Kf8 41. Kc3 Ke8 42. Nc1 Nc5 43. Kd4 Nxa4 44. Ne2 Nc5 45. Kxd5 a4 46. Nfd4 a3
47. Nc3 Ne4 48. Nxe4 fxe4 49. Kxe4 a2 50. Nc2 1/2-1/2

[Event "16PCR_F"]
[Site "?"]
[Date "2006.??.??"]
[Round "?"]
[White "Mateka, Petr"]
[Black "Cvak, Rudolf"]
[Result "1-0"]
[WhiteElo "2229"]
[BlackElo "2204"]
[PlyCount "103"]
[EventDate "2006.??.??"]
[EventType "corr"]
[SourceDate "2007.01.09"]

1. e4 c5 2. Nf3 d6 3. d4 cxd4 4. Nxd4 Nf6 5. Nc3 a6 6. Be3 Ng4 7. Bg5 h6 8. Bc1
Nc6 9. Nb3 Qb6 10. Qe2 Nf6 11. Nd5 Qd8 12. Be3 Nd7 13. Nd4 Nxd4 14. Bxd4 e6 15.
Ne3 Qh4 16. g4 Ne5 17. O-O-O Qf6 18. Bg2 Bd7 19. Qd2 Rc8 20. Nf5 Qd8 21. f4 Nc4
22. Qe1 e5 23. Bc3 Qc7 24. Bf1 Be6 25. h4 b5 26. Rh2 f6 27. b3 Na3 28. Kb2 b4
29. Bxb4 Nxc2 30. Nxd6+ Bxd6 31. Bxd6 Nxe1 32. Bxc7 Rxc7 33. Rxe1 exf4 34. e5
O-O 35. exf6 Bxg4 36. Bc4+ Kh7 37. fxg7 Rxg7 38. Bxa6 f3 39. a4 Rf4 40. Kc3 Bf5
41. Bc4 Rg2 42. Rxg2 fxg2 43. Bd5 Bh3 44. Rg1 Rxh4 45. a5 Rf4 46. a6 Rf1 47.
Rxg2 Bxg2 48. Bxg2 Ra1 49. Bb7 Kg7 50. Kb2 Rxa6 51. Bxa6 Kf6 52. Be2 1-0

[Event "16PCR_F"]
[Site "?"]
[Date "2006.??.??"]
[Round "?"]
[White "Slavik, Miroslav"]
[Black "Mateka, Petr"]
[Result "1/2-1/2"]
[WhiteElo "2198"]
[BlackElo "2229"]
[PlyCount "92"]
[EventDate "2006.??.??"]
[EventType "corr"]
[SourceDate "2007.01.09"]

1. d4 Nf6 2. c4 e6 3. Nc3 Bb4 4. a3 Bxc3+ 5. bxc3 d6 6. e4 Nxe4 7. Qg4 Nf6 8.
Qxg7 Rg8 9. Qh6 e5 10. Nf3 Qe7 11. Ra2 Bg4 12. Qe3 Nbd7 13. h3 Be6 14. g3 Nb6
15. dxe5 Nfd7 16. exd6 Qxd6 17. Nd4 O-O-O 18. Nxe6 Rde8 19. Be2 Rxe6 20. Qf4
Qe7 21. Be3 Re4 22. Qf5 Nxc4 23. Bxc4 Rxc4 24. Qxh7 Re8 25. O-O Qe6 26. Re2 Ne5
27. f4 Nd7 28. f5 Qe7 29. Ree1 Nf6 30. Qg7 Nh5 31. Bf2 Nxg7 32. Rxe7 Rxe7 33.
f6 Re6 34. fxg7 Rg6 35. Bd4 Rxd4 36. cxd4 Rxg3+ 37. Kf2 Rxg7 38. h4 Rg4 39. Rh1
Rxd4 40. h5 Rd8 41. h6 Rh8 42. Kf3 Kd7 43. Kg4 Ke6 44. Re1+ Kd5 45. Kh5 c5 46.
Re7 Rh7 1/2-1/2

[Event "16PCR_F"]
[Site "?"]
[Date "2006.??.??"]
[Round "?"]
[White "Struzka, Vlastimil"]
[Black "Cvak, Rudolf"]
[Result "0-1"]
[WhiteElo "2094"]
[BlackElo "2204"]
[PlyCount "128"]
[EventDate "2006.??.??"]
[EventType "corr"]
[SourceDate "2007.01.09"]

1. d4 Nf6 2. Nf3 g6 3. Bf4 Bg7 4. Nc3 d5 5. Qd2 Ne4 6. Nxe4 dxe4 7. Ne5 O-O 8.
Qc3 c5 9. e3 cxd4 10. exd4 Qb6 11. O-O-O Be6 12. d5 Bg4 13. Re1 Bf5 14. g4 Bxg4
15. Rxe4 Rc8 16. Rc4 Na6 17. Qe3 Bf5 18. Bd3 Qxe3+ 19. fxe3 Rxc4 20. Bxc4 Bxe5
21. Bxe5 Rc8 22. Bb3 Nc5 23. Bc3 b5 24. Kd1 Nxb3 25. axb3 Be4 26. Rf1 f5 27.
Rf2 Bxd5 28. Rd2 Bf3+ 29. Ke1 Kf7 30. Kf2 Be4 31. Kg3 Rc6 32. b4 Ra6 33. Bd4 h6
34. h4 Ra1 35. b3 Rg1+ 36. Kh2 Rh1+ 37. Kg3 a6 38. Bc5 g5 39. hxg5 hxg5 40. c4
g4 41. Rh2 Rf1 42. Rh7+ Kg6 43. Rh8 e5 44. Rg8+ Kf6 45. Rf8+ Kg7 46. Re8 Rh1
47. Rxe5 Kf6 48. Rxe4 Rh3+ 49. Kf2 fxe4 50. Ba7 Kf5 51. Bb6 Rh6 52. c5 Rh3 53.
c6 Ke6 54. Bc5 Rh7 55. Bb6 Kd6 56. c7 Rh8 57. Kg3 Rg8 58. c8=Q Rxc8 59. Kxg4
Rc3 60. Kf4 Kd5 61. Bc5 a5 62. Be7 axb4 63. Bxb4 Rxe3 64. Kg4 Rxb3 0-1

[Event "16PCR_F"]
[Site "?"]
[Date "2006.??.??"]
[Round "?"]
[White "Portych, Vaclav"]
[Black "Kudr, Roman"]
[Result "1/2-1/2"]
[WhiteElo "2112"]
[BlackElo "2177"]
[PlyCount "79"]
[EventDate "2006.??.??"]
[EventType "corr"]
[SourceDate "2007.01.09"]

1. c4 c6 2. e4 d5 3. exd5 cxd5 4. d4 Nf6 5. Nc3 e6 6. Nf3 Bb4 7. cxd5 Nxd5 8.
Qc2 Nc6 9. Be2 O-O 10. O-O Be7 11. Rd1 Nf6 12. a3 Bd7 13. Ne5 Rc8 14. Qd3 Nd5
15. Qg3 Kh8 16. Nxd5 exd5 17. Nxd7 Qxd7 18. b4 Qe6 19. Bd3 f5 20. Bb2 Qh6 21.
Qf3 Bd6 22. h3 Ne7 23. Re1 Rc7 24. Rac1 Rxc1 25. Bxc1 Qf6 26. Bb2 g5 27. b5 g4
28. hxg4 fxg4 29. Qxf6+ Rxf6 30. a4 Kg7 31. Bc1 h6 32. g3 Kf7 33. Kg2 h5 34.
Rh1 Rf3 35. Be2 Rc3 36. Be3 Nf5 37. Rxh5 Nxe3+ 38. fxe3 Rxe3 39. Kf2 Ra3 40.
Bxg4 1/2-1/2

[Event "16PCR_F"]
[Site "?"]
[Date "2006.??.??"]
[Round "?"]
[White "Kudr, Roman"]
[Black "Slavik, Miroslav"]
[Result "1/2-1/2"]
[WhiteElo "2177"]
[BlackElo "2198"]
[PlyCount "84"]
[EventDate "2006.??.??"]
[EventType "corr"]
[SourceDate "2007.01.09"]

1. Nf3 g6 2. c4 c5 3. d4 cxd4 4. Nxd4 Bg7 5. Nc3 Nc6 6. e3 Nf6 7. Be2 O-O 8.
O-O d6 9. b3 Re8 10. Bb2 Qa5 11. a3 Nxd4 12. exd4 d5 13. Re1 dxc4 14. Bxc4 a6
15. Qf3 Qf5 16. Qg3 b5 17. Bd3 Qd7 18. a4 b4 19. Ne4 Nxe4 20. Bxe4 Bb7 21. Bxb7
Qxb7 22. Rac1 Rac8 23. h3 e6 24. Qd6 a5 25. Rxc8 Rxc8 26. Rc1 h6 27. Kh2 g5 28.
Rc4 Bf6 29. f3 Kh7 30. Kg1 h5 31. Kf2 h4 32. Ke2 Kg6 33. Kd3 Kg7 34. Rxc8 Qxc8
35. Qb6 Qa8 36. Qc5 Qb8 37. Qc2 Qd6 38. Qd1 Kh6 39. Ke2 Qh2 40. Qf1 Kg7 41. Qf2
Qc7 42. Ke1 Qf4 1/2-1/2

[Event "16PCR_F"]
[Site "?"]
[Date "2006.??.??"]
[Round "?"]
[White "Nudcenko, Karel"]
[Black "Slavik, Miroslav"]
[Result "1-0"]
[WhiteElo "2245"]
[BlackElo "2198"]
[PlyCount "83"]
[EventDate "2006.??.??"]
[EventType "corr"]
[SourceDate "2007.01.09"]

1. e4 c6 2. Nf3 d5 3. Nc3 Bg4 4. h3 Bxf3 5. Qxf3 e6 6. d3 Nd7 7. Be2 d4 8. Nb1
Bd6 9. O-O Ngf6 10. g3 h5 11. c3 Ne5 12. Qg2 Bc5 13. Nd2 dxc3 14. Nb3 cxb2 15.
Bxb2 Ned7 16. d4 Be7 17. f4 Qc7 18. Qf3 Nb6 19. Bc1 Na4 20. Bd2 Qd7 21. Kg2 Rd8
22. Rac1 Nb6 23. Be3 Qc7 24. Rc2 Qb8 25. Bd3 Nfd7 26. g4 Bb4 27. g5 Qd6 28. Kh1
h4 29. Rd1 Qe7 30. Bf2 a5 31. a3 Bxa3 32. Nxa5 Rb8 33. Rb1 Bb4 34. Nc4 Nxc4 35.
Bxc4 Nb6 36. Ba2 Nd7 37. g6 fxg6 38. d5 c5 39. dxe6 Nf6 40. Rxb4 cxb4 41. e5
Nh5 42. Bc5 1-0

[Event "16PCR_F"]
[Site "?"]
[Date "2006.??.??"]
[Round "?"]
[White "Stika, Vaclav"]
[Black "Kudr, Roman"]
[Result "1-0"]
[WhiteElo "2142"]
[BlackElo "2177"]
[PlyCount "87"]
[EventDate "2006.??.??"]
[EventType "corr"]
[SourceDate "2007.01.09"]

1. e4 c6 2. d4 d5 3. Nc3 dxe4 4. Nxe4 Nd7 5. Bc4 Ngf6 6. Ng5 e6 7. Qe2 Nb6 8.
Bd3 h6 9. N5f3 Be7 10. c3 O-O 11. Ne5 c5 12. Ngf3 cxd4 13. Nxd4 Nbd7 14. Bf4
Nd5 15. Bg3 Nxe5 16. Bxe5 Bd6 17. Qe4 g6 18. Rd1 Bxe5 19. Qxe5 Bd7 20. c4 Nf6
21. O-O Kg7 22. Be2 Qe7 23. f4 Rac8 24. a3 Rfe8 25. b4 Ba4 26. Rd3 b6 27. Rg3
Rcd8 28. Bd1 Bxd1 29. Rxd1 Kh7 30. Rgd3 Rd7 31. Nc6 Rxd3 32. Rxd3 Ng4 33. Nxe7
Nxe5 34. fxe5 Rxe7 35. Kf2 Rc7 36. Rc3 Kg7 37. Ke3 Kf8 38. c5 bxc5 39. bxc5 Rc6
40. Kd4 Ke7 41. Kc4 Rc7 42. Rd3 h5 43. h4 f6 44. Rg3 1-0

[Event "16PCR_F"]
[Site "?"]
[Date "2006.??.??"]
[Round "?"]
[White "Kudr, Roman"]
[Black "Mateka, Petr"]
[Result "1/2-1/2"]
[WhiteElo "2177"]
[BlackElo "2229"]
[PlyCount "80"]
[EventDate "2006.??.??"]
[EventType "corr"]
[SourceDate "2007.01.09"]

1. Nf3 Nf6 2. c4 e6 3. Nc3 Bb4 4. d4 b6 5. e3 Bb7 6. Bd3 Ne4 7. Bxe4 Bxe4 8.
Bd2 Bb7 9. O-O O-O 10. Re1 d5 11. cxd5 exd5 12. Qc2 Re8 13. Rac1 Bf8 14. e4
dxe4 15. Nxe4 h6 16. Bf4 Nc6 17. Bxc7 Qxc7 18. d5 Rac8 19. dxc6 Qxc6 20. Qxc6
Rxc6 21. Rxc6 Bxc6 22. Nc3 Rd8 23. Rd1 Rxd1+ 24. Nxd1 Bxf3 25. gxf3 Bd6 26. Ne3
g6 27. Nd5 f5 28. h3 Kf7 29. Kf1 Ke6 30. Ne3 b5 31. Ke2 g5 32. b3 Ke5 33. Kd3
h5 34. Ng2 Bc5 35. f4+ gxf4 36. f3 Bf2 37. a4 a6 38. axb5 axb5 39. Kc3 Bg3 40.
Kd3 Kd5 1/2-1/2

[Event "16PCR_F"]
[Site "?"]
[Date "2006.??.??"]
[Round "?"]
[White "Portych, Vaclav"]
[Black "Trs, Jan"]
[Result "1/2-1/2"]
[WhiteElo "2112"]
[BlackElo "2252"]
[PlyCount "59"]
[EventDate "2006.??.??"]
[EventType "corr"]
[SourceDate "2007.01.09"]

1. c4 e5 2. Nc3 Nc6 3. Nf3 Nf6 4. g3 Bb4 5. Bg2 O-O 6. O-O e4 7. Ne1 Bxc3 8.
dxc3 h6 9. Nc2 d6 10. Ne3 Re8 11. Qc2 b6 12. b3 a5 13. Bb2 Bd7 14. a4 Ne7 15.
Rad1 Ng4 16. Nd5 Nxd5 17. cxd5 Qe7 18. e3 h5 19. h3 c5 20. c4 Nh6 21. Kh2 Bf5
22. Rg1 Qg5 23. Rdf1 Ra7 24. Qd1 Rae7 25. Bc3 Bd7 26. Bb2 f6 27. Qc2 h4 28. g4
Nf7 29. Bc1 Qh6 30. f4 1/2-1/2

[Event "16PCR_F"]
[Site "?"]
[Date "2006.??.??"]
[Round "?"]
[White "Portych, Vaclav"]
[Black "Mateka, Petr"]
[Result "1-0"]
[WhiteElo "2112"]
[BlackElo "2229"]
[PlyCount "83"]
[EventDate "2006.??.??"]
[EventType "corr"]
[SourceDate "2007.01.09"]

1. c4 Nf6 2. Nc3 e6 3. Nf3 Bb4 4. g3 O-O 5. Bg2 d6 6. O-O e5 7. d3 Nbd7 8. a3
Bxc3 9. bxc3 Re8 10. e4 Nc5 11. h3 Bd7 12. Be3 a6 13. Qe2 b5 14. Nd2 Rb8 15.
cxb5 Bxb5 16. c4 Ba4 17. Ra2 Bb3 18. Nxb3 Rxb3 19. Rd1 Nfd7 20. a4 Qf6 21. Rb2
Ra3 22. Ra2 Rxa4 23. Rxa4 Nxa4 24. Qd2 Nac5 25. Qa5 Qd8 26. h4 Qb8 27. Bh3 Qb7
28. Ra1 Ra8 29. Rd1 Rb8 30. Bxd7 Nxd7 31. Ra1 Ra8 32. Qd5 Qxd5 33. cxd5 a5 34.
Ra4 Nb6 35. Ra3 f5 36. f3 Kf8 37. Kf2 Ke7 38. Ke2 Kd7 39. d4 fxe4 40. fxe4 Nc4
41. Ra4 c6 42. dxc6+ 1-0